Famous Roberts - Statistics

General Stats
  • This quiz has been taken 46 times
  • The average score is 10 of 20
Answer Stats
hint person % Correct
US senator assassinated by Sirhan Sirhan in 1968 Robert Kennedy
80%
19th century US colonel and CS general Robert E Lee
78%
Led Zeppelin's lead singer and lyricist Robert Plant
78%
Taxi Driver actor Robert de Niro
76%
actor, director, and Sundance Film Festival founder Robert Redford
76%
19th century Scottish novelist who wrote Treasure Island before settling in Samoa Robert Louis Stevenson
71%
Zimbabwe's president since 1987 Robert Mugabe
63%
King Robert I of Scotland Robert the Bruce
63%
singer whose real name is Zimmerman Bob Dylan
59%
starred as Charlie Chaplin in Chaplin Robert Downey Jr
59%
co-founder of famine-relief pop group Band Aid Bob Geldof
51%
Addicted to Love was this British singer's biggest hit Robert Palmer
49%
founded the Boy Scouts movement Robert Baden-Powell
44%
performed with the Silver Bullet Band Bob Seger
39%
elected as a British MP, and died on hunger strike in jail, in 1981 Bobby Sands
32%
controversial Toronto mayor Rob Ford
32%
music synthesizer inventor Robert Moog
29%
the first person to the North Pole, in 1909? Robert Peary
27%
WWII photo-journalist for Life magazine Robert Capa
7%
CIA director under George HW Bush Robert Gates
5%
No matching quizzes found
Score Distribution
Percent of People with Each Score
Percentile by Number Answered
Your Score History
You have not taken this quiz